Zákon o dani z príjmov s komentárom

Zákon č. 595/2003 Z.z. o dani z príjmov v znení ďalších zákonov a zákona č. 534/2005 Z.z. Úplné znenie zákona s komentárom.

Na minha lista:
Detalhes bibliográficos
Autor principal: Kováčová, Zdenka
Outros Autores: Mezeiová, Viera, Faiglová, Svetlana
Formato: Capítulo de Livro
Idioma:eslovaco
Assuntos:
Tags: Adicionar Tag
Sem tags, seja o primeiro a adicionar uma tag!

MARC

LEADER 00000naa$a2200000$$$4500
001 0038170
005 20230919100010.8
041 0 |a slo 
044 |a SK 
245 1 0 |a Zákon o dani z príjmov s komentárom  |c Zdenka Kováčová, Viera Mezeiová, Svetlana Faiglová 
520 |a Zákon č. 595/2003 Z.z. o dani z príjmov v znení ďalších zákonov a zákona č. 534/2005 Z.z. Úplné znenie zákona s komentárom. 
610 2 0 |a dane z príjmov 
610 2 0 |a zákony 
610 2 0 |a komentáre 
610 2 0 |a Slovensko 
610 2 0 |a 2003-2005 
100 1 |a Kováčová, Zdenka 
700 1 |a Mezeiová, Viera 
700 1 |a Faiglová, Svetlana